[Event "44th Sparkassen Open"]
[Site "Dortmund GER"]
[Date "2016.07.13"]
[Round "5.21"]
[White "Meyers, Mark"]
[Black "Knudsen, Simon"]
[Result "1-0"]
[WhiteElo "2074"]
[BlackElo "1873"]
[WhiteFideId "12927716"]
[BlackFideId "12985546"]
[EventDate "2016.07.09"]

1. c4 e5 2. g3 Nf6 3. Nc3 d5 4. cxd5 Nxd5 5. Bg2 Nb6 6. Nf3 Nc6 7. d3 Be7 8. O-O
O-O 9. a3 Be6 10. b4 a5 11. b5 Nd4 12. Nxd4 exd4 13. Ne4 a4 14. Nd2 Bd5 15. Bb2
Bxg2 16. Kxg2 Ra5 17. Nf3 Bf6 18. e3 dxe3 19. Bxf6 Qxf6 20. fxe3 Rxb5 21. Qc1
Qd6 22. Nd4 Rc5 23. Qb2 Qg6 24. e4 Re8 25. Rac1 Rxc1 26. Rxc1 Re7 27. Nf5 Rd7
28. Qe5 h6 29. Ne7+ Rxe7 30. Qxe7 Qh5 31. Rf1 Qe2+ 32. Rf2 Qxd3 33. Qxf7+ Kh7
34. Qf5+ Kh8 35. e5 Qd5+ 36. Kh3 Nc4 37. e6 Ne3 38. Qxd5 Nxd5 39. Rf5 1-0

[Event "44th Sparkassen Open"]
[Site "Dortmund GER"]
[Date "2016.07.13"]
[Round "5.22"]
[White "Schuelke, Tilman"]
[Black "Hartung, Thomas2"]
[Result "1/2-1/2"]
[WhiteElo "1923"]
[BlackElo "2018"]
[WhiteFideId "4647475"]
[BlackFideId "4639146"]
[EventDate "2016.07.09"]

1. b3 Nf6 2. g3 d5 3. d3 e5 4. a3 Bd6 5. Bb2 O-O 6. Nd2 c5 7. e3 Be6 8. Bg2 Nc6
9. h3 Rc8 10. Ne2 Qc7 11. c4 d4 12. e4 a6 13. O-O b5 14. Kh1 Rb8 1/2-1/2

[Event "44th Sparkassen Open"]
[Site "Dortmund GER"]
[Date "2016.07.13"]
[Round "5.23"]
[White "Voicu-Jagodzinsky, Carmen"]
[Black "Borchert, Louis"]
[Result "1-0"]
[WhiteTitle "WGM"]
[WhiteElo "2263"]
[BlackElo "1878"]
[WhiteFideId "1206729"]
[BlackFideId "12990680"]
[EventDate "2016.07.09"]

1. e4 e5 2. Nf3 Nc6 3. Bc4 Bc5 4. c3 Nf6 5. d3 a6 6. Bb3 d6 7. Nbd2 O-O 8. h3
Qe7 9. Nf1 Ba7 10. Ng3 Be6 11. O-O Bxb3 12. axb3 Qe6 13. b4 Rfe8 14. Nf5 Ne7 15.
N3h4 Ng6 16. Bg5 Bb6 17. Qf3 Nd7 18. Qg3 Ndf8 19. c4 Nd7 20. Kh1 Nf6 21. Qf3 Nd7
22. Qh5 Ba7 23. b3 Bb6 24. Rad1 Ba7 25. g3 Nxh4 26. Qxh4 Bb6 27. Qg4 Kh8 28. Kg2
g6 29. Nh6 Qxg4 30. Nxg4 Kg7 31. h4 h5 32. Nh2 Bd4 33. Bd2 Nf6 34. Nf3 Bb6 35.
Ng5 Nh7 36. Nxh7 Kxh7 37. f4 Kg7 38. Rf3 Bd4 39. f5 Rf8 40. Rdf1 Bb6 41. fxg6 f6
42. Rf5 Kxg6 43. Bg5 a5 44. b5 fxg5 45. Rxf8 Rxf8 46. Rxf8 gxh4 47. gxh4 Bc5 48.
Rg8+ Kh6 49. Rc8 b6 50. Rxc7 Kg6 51. Kf3 Bd4 52. Rc6 Bc5 53. d4 Bxd4 54. Rxd6+
Kg7 55. Rxd4 exd4 56. c5 bxc5 57. b6 1-0

[Event "44th Sparkassen Open"]
[Site "Dortmund GER"]
[Date "2016.07.13"]
[Round "5.24"]
[White "Oezen, Alf"]
[Black "Wicht, Juergen"]
[Result "1/2-1/2"]
[BlackTitle "CM"]
[WhiteElo "1970"]
[BlackElo "2221"]
[WhiteFideId "12985430"]
[BlackFideId "4639197"]
[EventDate "2016.07.09"]

1. Nf3 Nf6 2. g3 b6 3. Bg2 Bb7 4. d3 e6 5. e4 d6 6. O-O Nbd7 7. Re1 Be7 8. Nbd2
O-O 9. d4 Ne8 10. e5 c5 11. c3 cxd4 12. cxd4 dxe5 13. dxe5 Nc5 14. Nf1 Nd3 15.
Re3 Nxc1 16. Rxc1 Qxd1 17. Rxd1 Bc5 18. Red3 Be4 19. Rd7 Bc6 20. Nd4 Bxd7 21.
Bxa8 Nc7 22. Bc6 Bxc6 23. Nxc6 Nd5 24. a3 a5 25. Nd2 Rc8 26. Na7 1/2-1/2

[Event "44th Sparkassen Open"]
[Site "Dortmund GER"]
[Date "2016.07.13"]
[Round "5.26"]
[White "Wastian, Jan"]
[Black "Kuechle, Wolfgang"]
[Result "1/2-1/2"]
[WhiteElo "1877"]
[BlackElo "2030"]
[WhiteFideId "12911640"]
[BlackFideId "24628581"]
[EventDate "2016.07.09"]

1. e4 d6 2. d4 Nf6 3. Nc3 e5 4. dxe5 dxe5 5. Qxd8+ Kxd8 6. Bc4 Be6 7. Bxe6 fxe6
8. f3 Nc6 9. Be3 Bd6 10. O-O-O Ke7 11. Nge2 a6 12. Kb1 b5 13. Nc1 Rhb8 14. Nd3
Nd7 15. f4 exf4 16. Bxf4 Bxf4 17. Nxf4 Nde5 18. Nce2 Rf8 19. Rdf1 Rad8 20. Kc1
g5 21. Nh3 h6 22. Ng3 Ng4 23. Rxf8 Rxf8 24. Kd2 Rd8+ 25. Kc1 b4 26. Ne2 Nd4 27.
Kd2 Nxe2+ 28. Kxe2 Rd4 29. Kf3 Ne5+ 30. Ke3 c5 31. b3 Ng4+ 32. Kf3 Ne5+ 33. Ke3
Ng4+ 1/2-1/2

[Event "44th Sparkassen Open"]
[Site "Dortmund GER"]
[Date "2016.07.13"]
[Round "5.27"]
[White "Austrup, David"]
[Black "Kueppers, Timo"]
[Result "1/2-1/2"]
[WhiteElo "2001"]
[BlackElo "1967"]
[WhiteFideId "12996890"]
[BlackFideId "16205820"]
[EventDate "2016.07.09"]

1. e4 c5 2. Nf3 d6 3. d4 cxd4 4. Nxd4 Nf6 5. Nc3 g6 6. Be3 Bg7 7. f3 a6 8. Qd2
Nbd7 9. g4 b5 10. h4 Ne5 11. h5 b4 12. Na4 Bd7 13. h6 Bf8 14. b3 a5 15. g5 Nh5
16. Rg1 Rc8 17. Be2 Bxa4 18. bxa4 Nc4 19. Bxc4 Rxc4 20. Nb5 e5 21. O-O-O Rc6 22.
f4 Nxf4 23. Bxf4 exf4 24. Qd4 Rg8 25. e5 d5 26. Qxd5 1/2-1/2

[Event "44th Sparkassen Open"]
[Site "Dortmund GER"]
[Date "2016.07.13"]
[Round "5.28"]
[White "Biermann, Florian"]
[Black "Althoff, Ralph"]
[Result "0-1"]
[WhiteElo "1924"]
[BlackElo "2122"]
[WhiteFideId "12970069"]
[BlackFideId "4623177"]
[EventDate "2016.07.09"]

1. c4 f5 2. g3 Nf6 3. Bg2 d6 4. Nc3 g6 5. e3 Bg7 6. Nge2 O-O 7. O-O Nc6 8. Rb1
e5 9. d3 g5 10. f4 gxf4 11. gxf4 Kh8 12. b4 Rg8 13. Nd5 Ne7 14. Nxf6 Bxf6 15.
Bb2 c6 16. Ba1 Ng6 17. Ng3 exf4 18. exf4 Bxa1 19. Rxa1 Qb6+ 20. Kh1 Qxb4 21. Qh5
Qb2 22. Rae1 Qf6 23. Qg5 Qxg5 24. fxg5 Nh4 25. Re7 f4 26. Nh5 Bf5 27. Nxf4 Nxg2
28. Nxg2 Bxd3 29. Rff7 Bg6 30. Rf6 Rge8 31. Rxb7 d5 32. cxd5 cxd5 33. Nf4 Be4+
34. Kg1 d4 35. Rd7 Red8 36. Rfd6 Rf8 37. Ne6 Rfe8 38. Nxd4 a5 39. Re6 Bb1 40. a3 0-1

[Event "44th Sparkassen Open"]
[Site "Dortmund GER"]
[Date "2016.07.13"]
[Round "5.29"]
[White "Huhs, Sven"]
[Black "Phunhon Lopez, Daniel Alejandro"]
[Result "1-0"]
[WhiteElo "2034"]
[BlackElo "1958"]
[WhiteFideId "24669130"]
[BlackFideId "12952567"]
[EventDate "2016.07.09"]

1. d4 c5 2. d5 b5 3. a4 bxa4 4. e4 Qb6 5. Nc3 e5 6. Nf3 d6 7. Bb5+ Bd7 8. Qe2
Nf6 9. Nd2 a6 10. Bxd7+ Nbxd7 11. O-O Be7 12. Nc4 Qc7 13. f4 O-O 14. fxe5 Nxe5
15. Nxe5 dxe5 16. Rxa4 Qd6 17. Be3 Rfb8 18. b3 Rb4 19. Rfa1 Rxa4 20. Rxa4 h6 21.
h3 Nd7 22. Qf1 Qg6 23. Qf3 Bg5 24. Ne2 Bxe3+ 25. Qxe3 f5 26. exf5 Qxf5 27. Ng3
Qxc2 28. Rg4 Nf6 29. Rc4 Qd1+ 30. Kh2 Nd7 31. Nf5 Re8 32. Rg4 Kf8 33. Rxg7 Qh5
34. Rxd7 1-0

[Event "44th Sparkassen Open"]
[Site "Dortmund GER"]
[Date "2016.07.13"]
[Round "5.31"]
[White "Jelica, Mara"]
[Black "Garbuz, Vitaliy"]
[Result "1-0"]
[WhiteTitle "WIM"]
[WhiteElo "2129"]
[BlackElo "1907"]
[WhiteFideId "14504111"]
[BlackFideId "12990710"]
[EventDate "2016.07.09"]

1. e4 e5 2. Nf3 Nc6 3. Bb5 Nge7 4. O-O g6 5. c3 Bg7 6. d4 exd4 7. cxd4 a6 8. Bc4
b5 9. Bb3 Na5 10. Bc2 d6 11. h3 O-O 12. Nc3 h6 13. Qe1 c5 14. Ne2 Nec6 15. d5
Ne7 16. Rb1 Nc4 17. b3 Nb6 18. Nf4 Re8 19. Qd2 b4 20. Bb2 a5 21. Bxg7 Kxg7 22.
Rbd1 Bb7 23. Bd3 Nec8 24. Rfe1 Na7 25. Nh2 Bc8 26. Nf3 Bb7 27. Bb1 Nb5 28. Ne2
Qf6 29. Bd3 Ba6 30. Bxb5 Bxb5 31. Ng3 Rac8 32. Qe3 Nd7 33. Nd2 Qc3 34. Qf4 Qe5
35. Qg4 Nf6 36. Qf3 c4 37. bxc4 Bxc4 38. a3 h5 39. axb4 axb4 40. Rb1 h4 41. Rxb4
Bxd5 42. Ngf1 Be6 43. Qe3 Rc3 44. Qd4 Rec8 45. Qxe5 dxe5 46. Nf3 R8c4 47. Rxc4
Rxc4 48. N1d2 Rc2 49. Rd1 Nd7 50. Nxh4 Nc5 51. Nhf3 f6 52. Ra1 g5 53. g4 Nd3 54.
Ra3 Nf4 55. Kh2 Ra2 56. Re3 Ng6 57. Rd3 Ra8 58. Kg3 Rh8 59. Ng1 Nf4 60. Ra3 Rd8
61. Ndf3 Rd3 62. Ra5 Ng6 63. Ra7+ Kg8 64. Kh2 Nf4 65. Re7 Kf8 66. Rc7 Rd7 67.
Rc3 Rd3 68. Rc5 Ng6 69. Kg2 Nf4+ 70. Kh2 Ng6 71. Ra5 Ke7 72. Kg3 Nh4 73. Ra7+
Kf8 74. Rh7 Bb3 75. Rxh4 gxh4+ 76. Kxh4 Bd1 77. Kg3 Rc3 78. h4 Bxf3 79. Nxf3 Rc4
80. g5 Rxe4 81. gxf6 Re2 82. Ng5 e4 83. h5 e3 84. fxe3 Rxe3+ 85. Kf4 Re1 86. Kf5
Rh1 87. Kg6 1-0

[Event "44th Sparkassen Open"]
[Site "Dortmund GER"]
[Date "2016.07.13"]
[Round "5.32"]
[White "Sicars, Thorsten"]
[Black "Geerling, Anton"]
[Result "1-0"]
[WhiteElo "2066"]
[BlackElo "2008"]
[WhiteFideId "12904090"]
[BlackFideId "12976733"]
[EventDate "2016.07.09"]

1. d4 Nf6 2. Bg5 Ne4 3. Bf4 d5 4. e3 c5 5. Bd3 Nf6 6. c3 e6 7. Nd2 b6 8. Ngf3
Bd6 9. Ne5 O-O 10. Qf3 Ba6 11. Bc2 Nbd7 12. Qh3 g6 13. Nxg6 1-0

[Event "44th Sparkassen Open"]
[Site "Dortmund GER"]
[Date "2016.07.13"]
[Round "5.33"]
[White "Dyballa, Gerhard"]
[Black "Busche, Klaus"]
[Result "1-0"]
[WhiteElo "1966"]
[BlackElo "2033"]
[WhiteFideId "4645189"]
[BlackFideId "24604631"]
[EventDate "2016.07.09"]

1. c4 e5 2. Nc3 Nf6 3. g3 Nc6 4. Bg2 Bc5 5. e3 d5 6. cxd5 Nb4 7. d4 exd4 8. exd4
Be7 9. a3 Nbxd5 10. Nf3 O-O 11. O-O c6 12. Re1 h6 13. Qc2 Be6 14. Na4 Qc8 15.
Ne5 Re8 16. Bd2 Bh3 17. Rac1 Qf5 18. Qxf5 Bxf5 19. Nc5 Rab8 20. b4 Bd6 21. h3
Red8 22. g4 Bh7 23. f4 Nc7 24. Bxc6 bxc6 25. Nxc6 Nb5 26. Nxd8 Rxd8 27. Nb7 Rb8
28. Nxd6 Nxd6 29. f5 Rd8 30. Bf4 Nb5 31. Be5 Nd5 32. Rc5 Nbc3 33. Bc7 Ra8 34.
Re5 f6 35. Rexd5 Nxd5 36. Rxd5 g6 37. Kf2 Rc8 38. fxg6 Bxg6 39. Rc5 Kf7 40. d5
Be4 41. d6 Ke6 42. Ra5 Ra8 43. Ke3 Bg2 44. h4 Bf1 45. Rh5 Rh8 46. g5 fxg5 47.
hxg5 Kd7 48. gxh6 Rh7 49. a4 a6 50. Kd4 Be2 51. Re5 Bd1 52. Re7+ Rxe7 53. dxe7
Be2 54. Bd6 Ke8 55. Kc5 Bd3 56. b5 1-0

[Event "44th Sparkassen Open"]
[Site "Dortmund GER"]
[Date "2016.07.14"]
[Round "6.1"]
[White "Dann, Matthias"]
[Black "Pap, Misa"]
[Result "1/2-1/2"]
[WhiteTitle "IM"]
[BlackTitle "GM"]
[WhiteElo "2482"]
[BlackElo "2487"]
[WhiteFideId "24638056"]
[BlackFideId "921610"]
[EventDate "2016.07.09"]

1. e4 e5 2. Nf3 Nc6 3. Bb5 a6 4. Ba4 g6 5. c3 Bg7 6. d4 exd4 7. cxd4 b5 8. Bb3
Nge7 9. Nc3 Na5 10. Bc2 O-O 11. O-O d6 12. h3 c5 13. d5 h6 14. Ne2 Nc4 15. Rb1
b4 16. Bd3 Nb6 17. b3 a5 18. Bb2 a4 19. Bxg7 Kxg7 20. Nf4 Ng8 21. Re1 Qf6 22.
Qd2 Re8 23. Bb5 Bd7 24. Bc6 Ra7 25. Nd3 axb3 26. axb3 Bxc6 27. dxc6 Ne7 28. e5
dxe5 29. Ndxe5 h5 30. Nd7 Nxd7 31. cxd7 Rd8 32. Qe3 Raxd7 33. Qxc5 Nd5 34. Rbd1
Qc3 35. Qd4+ Kg8 36. Rd3 Qc7 37. Qa1 Nc3 38. Rxd7 Qxd7 39. Qa5 Rb8 1/2-1/2

[Event "44th Sparkassen Open"]
[Site "Dortmund GER"]
[Date "2016.07.14"]
[Round "6.2"]
[White "Schmittdiel, Eckhard"]
[Black "Sorokin, Aleksey"]
[Result "1/2-1/2"]
[WhiteTitle "GM"]
[BlackTitle "FM"]
[WhiteElo "2449"]
[BlackElo "2413"]
[WhiteFideId "4600096"]
[BlackFideId "24176460"]
[EventDate "2016.07.09"]

1. e4 c5 2. c3 d5 3. exd5 Qxd5 4. d4 Nf6 5. Nf3 e6 6. Nbd2 cxd4 7. Bc4 Qh5 8.
cxd4 Nc6 9. O-O Be7 10. a3 O-O 11. b4 b6 12. Bb2 Bb7 13. Re1 Bd6 14. Ne5 Qxd1
15. Raxd1 1/2-1/2

[Event "44th Sparkassen Open"]
[Site "Dortmund GER"]
[Date "2016.07.14"]
[Round "6.3"]
[White "Hausrath, Daniel"]
[Black "Mundorf, Johannes"]
[Result "1-0"]
[WhiteTitle "GM"]
[WhiteElo "2483"]
[BlackElo "2240"]
[WhiteFideId "4617495"]
[BlackFideId "24672491"]
[EventDate "2016.07.09"]

1. Nf3 c5 2. g3 g6 3. Bg2 Bg7 4. O-O Nc6 5. d3 d6 6. c3 e6 7. a3 Nge7 8. b4 O-O
9. Ra2 b6 10. Bd2 Bb7 11. Qc1 Re8 12. Bh6 Bh8 13. e4 Rc8 14. Qf4 Rc7 15. Rd1 e5
16. Qe3 d5 17. Qe1 d4 18. c4 Qd6 19. Rb2 Bg7 20. bxc5 Qxc5 21. Bxg7 Kxg7 22. Rb5
Qd6 23. Rc1 Ba6 24. Rb2 Nd8 25. Qb4 Rc5 26. Nxe5 Qxe5 27. Qa4 Bb5 28. Rxb5 Rxb5
29. cxb5 g5 30. Nd2 g4 31. f4 1-0

[Event "44th Sparkassen Open"]
[Site "Dortmund GER"]
[Date "2016.07.14"]
[Round "6.4"]
[White "Zatonskih, V."]
[Black "Wiebe, Patrick"]
[Result "0-1"]
[WhiteTitle "FM"]
[WhiteElo "2329"]
[BlackElo "2187"]
[WhiteFideId "14102161"]
[BlackFideId "4684079"]
[EventDate "2016.07.09"]

1. e4 e6 2. d4 d5 3. Nd2 Nf6 4. e5 Nfd7 5. Bd3 c5 6. c3 Nc6 7. Ngf3 g6 8. O-O
Bg7 9. b3 O-O 10. Re1 Qb6 11. Bb2 f6 12. exf6 Rxf6 13. Qe2 cxd4 14. cxd4 Nf8 15.
Bb5 Nb4 16. Nf1 Bd7 17. Bxd7 Nxd7 18. Ne3 Raf8 19. Ba3 a5 20. Bxb4 axb4 21. Qd2
Rxf3 22. gxf3 Bxd4 23. Rad1 Ne5 24. Kf1 Nxf3 25. Qd3 Qd6 26. Ng4 Nxh2+ 27. Ke2
Nxg4 28. Qxd4 Rxf2+ 0-1

[Event "44th Sparkassen Open"]
[Site "Dortmund GER"]
[Date "2016.07.14"]
[Round "6.5"]
[White "Lupor, Stefan"]
[Black "Ries, Benjamin"]
[Result "1-0"]
[WhiteTitle "FM"]
[WhiteElo "2310"]
[BlackElo "2173"]
[WhiteFideId "4685806"]
[BlackFideId "4663802"]
[EventDate "2016.07.09"]

1. e4 c6 2. d4 d5 3. Nd2 dxe4 4. Nxe4 Nd7 5. Ng5 Ngf6 6. Bd3 e6 7. N1f3 Bd6 8.
Qe2 h6 9. Ne4 Nxe4 10. Qxe4 Nf6 11. Qe2 b6 12. Bd2 Bb7 13. Ne5 Bc7 14. Bc4 Qe7
15. f4 O-O 16. O-O-O c5 17. dxc5 bxc5 18. Rhe1 Ne4 19. Ba6 Bxe5 20. fxe5 Nxd2
21. Bxb7 Qxb7 22. Rxd2 Rab8 23. b3 Qb4 24. Qc4 Qa3+ 25. Kb1 Rb4 26. Qc3 c4 27.
Red1 Qa5 28. Kb2 cxb3 29. axb3 Rb5 30. Qxa5 Rxa5 31. Rd7 Rxe5 32. Rxa7 Re2 33.
b4 Rxg2 34. Kb3 Rxh2 35. b5 Rc8 36. c4 Rh4 37. Rc1 Rb8 38. Rca1 Rc8 39. Rc1 Rb8
40. Ra6 Kf8 41. b6 Rd4 42. c5 Rd5 43. Kc4 Ke7 44. Ra7+ Ke8 45. Kb5 h5 46. Kc6
Rdd8 47. b7 h4 48. Kb6 Rd3 49. c6 Rd6 50. Ra8 Rdd8 51. Rxb8 1-0

[Event "44th Sparkassen Open"]
[Site "Dortmund GER"]
[Date "2016.07.14"]
[Round "6.6"]
[White "Pajeken, Wolfgang"]
[Black "Stein, Robert"]
[Result "1-0"]
[WhiteTitle "FM"]
[WhiteElo "2289"]
[BlackElo "2169"]
[WhiteFideId "4622170"]
[BlackFideId "12921084"]
[EventDate "2016.07.09"]

1. Nf3 d5 2. c4 c6 3. d4 Nf6 4. Qb3 dxc4 5. Qxc4 Bf5 6. g3 e6 7. Bg2 Be7 8. O-O
Nbd7 9. Nc3 O-O 10. Re1 Ne4 11. Qb3 Qb6 12. Nh4 Bxh4 13. gxh4 Qxb3 14. axb3 Ndf6
15. f3 Nxc3 16. bxc3 Bc2 17. b4 Bb3 18. e4 Bc4 19. Bg5 Nd7 20. Bh3 Rfe8 21. Kf2
f6 22. Be3 Kf7 23. Rg1 Nb6 24. h5 Bb5 25. Rg3 Nc4 26. Rag1 Rg8 27. d5 cxd5 28.
exd5 exd5 29. Bf5 Rae8 30. Bxh7 Rxe3 31. Bxg8+ Kxg8 32. Rxg7+ Kh8 33. Rg8+ Kh7
34. R1g7+ Kh6 35. Rg6+ Kh7 36. R8g7+ Kh8 37. Rxb7 a6 38. Rxf6 Re8 39. Rff7 Nd6
40. Rh7+ Kg8 41. Rbg7+ Kf8 42. Ra7 Kg8 43. Rag7+ Kf8 44. h6 Re2+ 45. Kg1 Re1+
46. Kg2 Re2+ 47. Kh3 1-0

[Event "44th Sparkassen Open"]
[Site "Dortmund GER"]
[Date "2016.07.14"]
[Round "6.7"]
[White "Hecht, Carsten"]
[Black "Korten, Lando"]
[Result "0-1"]
[WhiteElo "2242"]
[BlackElo "2000"]
[WhiteFideId "24693928"]
[BlackFideId "12989606"]
[EventDate "2016.07.09"]

1. e4 c5 2. Nf3 d6 3. d4 cxd4 4. Nxd4 Nf6 5. Nc3 a6 6. Bg5 e6 7. f4 Be7 8. Qf3
h6 9. Bh4 g5 10. fxg5 Nfd7 11. Nxe6 fxe6 12. Qh5+ Kf8 13. Bb5 Rh7 14. e5 Nxe5
15. Bg3 Bxg5 16. Bxe5 dxe5 17. Rd1 Qe7 18. O-O+ Kg8 19. Be8 Rg7 20. Ne4 Bd7 21.
Bg6 Nc6 22. h4 Be3+ 23. Kh1 Rf8 24. Rxf8+ Qxf8 25. Nd6 Nd4 26. Bf7+ Rxf7 27.
Nxf7 Qxf7 28. Qxe5 Qf2 29. Qh5 Kf8 30. c3 Nf5 0-1

[Event "44th Sparkassen Open"]
[Site "Dortmund GER"]
[Date "2016.07.14"]
[Round "6.8"]
[White "Ciornei, Dragos"]
[Black "Schulze, Marc"]
[Result "1/2-1/2"]
[WhiteElo "2183"]
[BlackElo "2099"]
[WhiteFideId "4619200"]
[BlackFideId "1271126"]
[EventDate "2016.07.09"]

1. e4 c5 2. Nf3 g6 3. d4 cxd4 4. Nxd4 Bg7 5. Nc3 Nc6 6. Be3 Nf6 7. Bc4 Qa5 8.
O-O O-O 9. Bb3 d6 10. h3 Bd7 11. Re1 Rfe8 12. Qe2 Rac8 13. Rad1 a6 14. Nd5 Nxd5
15. exd5 Nxd4 16. Bxd4 Ba4 17. Bxg7 Kxg7 18. c3 Bxb3 19. axb3 Qc5 20. Rd4 e5 21.
dxe6 Rxe6 22. Qd2 Rce8 23. Rxe6 1/2-1/2

[Event "44th Sparkassen Open"]
[Site "Dortmund GER"]
[Date "2016.07.14"]
[Round "6.9"]
[White "Podzielny, Karl-Heinz"]
[Black "Kruse, Janik"]
[Result "1-0"]
[WhiteTitle "IM"]
[WhiteElo "2400"]
[BlackElo "2153"]
[WhiteFideId "4600215"]
[BlackFideId "16200250"]
[EventDate "2016.07.09"]

1. d4 d5 2. Nf3 c6 3. c4 Nf6 4. Nc3 dxc4 5. e4 b5 6. e5 Nd5 7. a4 b4 8. Ne4 Ba6
9. e6 fxe6 10. Ne5 Nf6 11. Nc5 Qd5 12. Be2 Bc8 13. O-O g6 14. Bf3 Qd6 15. Bf4
Nd5 16. Bg3 Qd8 17. h4 Bg7 18. h5 Bxe5 19. Bxe5 Rg8 20. hxg6 hxg6 21. Bg4 Na6
22. Nxe6 Qb6 23. a5 Qb5 24. Qf3 Bd7 25. Qh3 1-0

[Event "44th Sparkassen Open"]
[Site "Dortmund GER"]
[Date "2016.07.14"]
[Round "6.10"]
[White "Wickenfeld, Stefan"]
[Black "Rott, Georg"]
[Result "1-0"]
[WhiteElo "2231"]
[BlackElo "2139"]
[WhiteFideId "4622790"]
[BlackFideId "4633393"]
[EventDate "2016.07.09"]

1. d4 d5 2. c4 c6 3. cxd5 cxd5 4. Nc3 Nf6 5. f3 e6 6. e4 Nc6 7. e5 Nd7 8. f4 Qb6
9. Nf3 Bb4 10. a3 Bxc3+ 11. bxc3 O-O 12. Bd3 f6 13. exf6 g6 14. h4 Rxf6 15. h5
e5 16. fxe5 Ndxe5 17. dxe5 Nxe5 18. hxg6 Ng4 19. gxh7+ Kh8 20. Rf1 Qc7 21. Kd2
Bd7 22. Nd4 Rc8 23. Ne2 Nf2 24. Rxf2 Rxf2 25. Ke1 Rcf8 26. Be3 Rf1+ 27. Kd2
Rxd1+ 28. Rxd1 Bf5 29. Rh1 Bxh7 30. Rxh7+ Qxh7 31. Bxh7 Kxh7 32. Bxa7 Kg6 33.
Kd3 Kf5 34. g3 Ke6 35. Nf4+ 1-0

[Event "44th Sparkassen Open"]
[Site "Dortmund GER"]
[Date "2016.07.14"]
[Round "6.11"]
[White "Zolfagharian, Kevin"]
[Black "Liard, Thibaud"]
[Result "1-0"]
[WhiteElo "2130"]
[BlackElo "2183"]
[WhiteFideId "12933570"]
[BlackFideId "649775"]
[EventDate "2016.07.09"]

1. e4 c5 2. Nf3 d6 3. d4 cxd4 4. Nxd4 Nf6 5. Nc3 g6 6. Be3 Bg7 7. f3 Nc6 8. Qd2
O-O 9. g4 Be6 10. Nxe6 fxe6 11. O-O-O Ne5 12. Be2 Rc8 13. Nb5 Nc4 14. Bxc4 Rxc4
15. h4 Qd7 16. Na3 Ra4 17. Bh6 Rxa3 18. bxa3 Qa4 19. Bxg7 Qxa3+ 20. Kb1 Kxg7 21.
h5 Rc8 22. hxg6 hxg6 23. Qh6+ Kf7 24. Rd3 Qc5 25. Qd2 Rc6 26. g5 Nh5 27. f4 Ke8
28. Rb3 b5 29. Rf1 a5 30. Qd3 b4 31. c3 bxc3 32. Kc2 Qc4 33. Qxc4 Rxc4 34. Kd3
d5 35. exd5 exd5 36. Rxc3 Nxf4+ 37. Kc2 Ra4 38. a3 Kd7 39. Re1 Kd6 40. Rb1 Re4
41. Rb5 a4 42. Rb4 d4 43. Rc8 e5 44. Rb6+ Kd5 45. Rb5+ Ke6 46. Rf8 Nd5 47. Ra5
Re2+ 48. Kd3 Nf4+ 49. Kc4 Rc2+ 50. Kb4 Nd5+ 51. Kxa4 Rb2 52. Re8+ Ne7 53. Ra7
Kf5 54. Raxe7 Re2 55. Kb3 e4 56. a4 e3 57. Kc4 Rd2 58. a5 Kxg5 59. a6 Kf4 60.
Rf8+ Kg3 1-0

[Event "44th Sparkassen Open"]
[Site "Dortmund GER"]
[Date "2016.07.14"]
[Round "6.12"]
[White "Boehm, Juergen2"]
[Black "Eckardt, Joshua"]
[Result "1-0"]
[WhiteElo "2176"]
[BlackElo "2133"]
[WhiteFideId "4606434"]
[BlackFideId "12941646"]
[EventDate "2016.07.09"]

1. d4 Nf6 2. Bg5 c5 3. Nc3 cxd4 4. Qxd4 Nc6 5. Qh4 e6 6. e4 Be7 7. O-O-O Qa5 8.
f4 d6 9. Nf3 h6 10. e5 dxe5 11. fxe5 Nxe5 12. Nxe5 Qxe5 13. Bb5+ Kf8 14. Bf4 Qc5
15. Qg3 Nh5 16. Qe3 Qb4 17. Rd4 Qa5 18. Ra4 Qxa4 19. Bxa4 Nxf4 20. Qf3 g5 21. g3
Ng6 22. Qh5 Kg7 23. Rf1 Bf6 1-0

[Event "44th Sparkassen Open"]
[Site "Dortmund GER"]
[Date "2016.07.14"]
[Round "6.13"]
[White "Heinert, Eugen"]
[Black "Meyers, Mark"]
[Result "0-1"]
[WhiteElo "2171"]
[BlackElo "2074"]
[WhiteFideId "24621390"]
[BlackFideId "12927716"]
[EventDate "2016.07.09"]

1. d4 Nf6 2. Bg5 e6 3. e4 h6 4. Bxf6 Qxf6 5. c3 g6 6. Bd3 d6 7. Ne2 Bg7 8. O-O
O-O 9. f4 Nd7 10. Nd2 Qe7 11. e5 b6 12. Nf3 Bb7 13. Qe1 Rad8 14. Qg3 dxe5 15.
fxe5 Nc5 16. Bc2 Be4 17. Bxe4 Nxe4 18. Qf4 Ng5 19. Nxg5 Qxg5 20. Qxg5 hxg5 21.
Rad1 Rd7 22. Kf2 Rfd8 23. Rc1 c5 24. Ke3 Rc7 25. g4 Rdc8 26. Rcd1 Bf8 27. a3 Be7
28. d5 exd5 29. Rxd5 Bf8 30. e6 Re8 31. Re5 Kg7 32. Ng3 Rce7 33. Rc1 Rxe6 34.
Rxe6 Rxe6+ 35. Kf3 Rd6 36. Re1 Rd2 37. Re2 Rxe2 38. Nxe2 f5 39. c4 Kf6 40. h3
Bd6 41. b3 Be5 42. a4 Bb2 43. Ng3 Ke5 44. Nf1 Kd4 45. Ng3 Kc3 46. gxf5 gxf5 47.
Nxf5 Kxb3 48. Nd6 Kxa4 0-1

[Event "44th Sparkassen Open"]
[Site "Dortmund GER"]
[Date "2016.07.14"]
[Round "6.14"]
[White "Partzsch, Lukas"]
[Black "Winkel, Peter"]
[Result "1/2-1/2"]
[WhiteElo "2167"]
[BlackElo "2038"]
[WhiteFideId "12934852"]
[BlackFideId "12954756"]
[EventDate "2016.07.09"]

1. d4 Nf6 2. Nf3 d5 3. g3 Bf5 4. Bg2 e6 5. O-O Be7 6. c4 c6 7. Nbd2 h6 8. b3 O-O
9. Bb2 Nbd7 10. a3 a5 11. Re1 Ne4 12. Nxe4 Bxe4 13. Nd2 Bxg2 14. Kxg2 Nf6 15.
Qc2 Re8 16. f3 Rc8 17. c5 b6 18. b4 Qd7 19. e4 dxe4 20. fxe4 axb4 21. Nc4 bxa3
22. Nxb6 axb2 23. Nxd7 bxa1=Q 24. Nxf6+ Bxf6 25. Rxa1 Bxd4 26. Ra6 e5 27. Qc4 1/2-1/2